Statistics for US States by Largest County

Click here to take the quiz!

General Stats

  • This quiz has been taken 15 times
  • The average score is 23 of 50

Answer Stats

County Size (Sq Mi) State % Correct
North Slope88,817Alaska
91%
San Bernardino20,062California
91%
Palm Beach2,034Florida
82%
Coconino18,661Arizona
82%
Nye18,147Nevada
82%
Providence409Rhode Island
73%
_____8,485Idaho
64%
Cherry5,961Nebraska
64%
Charleston1,358South Carolina
64%
Sweetwater10,426Wyoming
64%
Harney10,135Oregon
64%
McKenzie2,742North Dakota
55%
Las Animas4,773Colorado
55%
Worcester1,513Massachusetts
55%
Beaverhead5,543Montana
55%
Saint Louis6,225Minnesota
55%
Keweenaw5,966Michigan
55%
Aroostook6,829Maine
45%
Lycoming1,244Pennsylvania
45%
Catron6,928New Mexico
45%
San Juan7,820Utah
45%
Dare1,562North Carolina
45%
Coos1,801New Hampshire
45%
McLean1,184Illinois
45%
Osage2,251Oklahoma
45%
Plaquemines2,429Louisiana
45%
Litchfield920Connecticut
45%
Meade3,471South Dakota
45%
Okanogan5,268Washington
45%
Yazoo920Mississippi
36%
Union1,055Arkansas
36%
Windsor971Vermont
36%
Texas1,179Missouri
36%
Sussex1,196Delaware
36%
Butler1,428Kansas
36%
Brewster6,193Texas
36%
St. Lawrence2,821New York
36%
Baldwin1,590Alabama
36%
Pittsylvania978Virginia
27%
Kossuth973Iowa
27%
______4,028Hawaii
27%
Shelby755Tennessee
27%
Ashtabula702Ohio
27%
Marathon1,545Wisconsin
18%
Randolph1,040West Virginia
18%
Ware903Georgia
18%
Burlington805New Jersey
18%
Pike788Kentucky
18%
Worcester695Maryland
18%
Allen657Indiana
9%

Score Distribution

Percentile by Number Answered

Percent of People with Each Score

Your Score History

You have not taken this quiz